000 00415cam a2200181ua 4500
001 8890
008 150218n ii |||gr||||Z||||||eng
040 _cMAIN
041 _aeng
082 _a822.33
100 _aBanerji, S. K.,
_eAuthor.
245 1 _aShakespeare the tempest
_cBy S. K. Banerji
250 _a1st.
260 _aAgra:
_bLakshmi,
_c1996.
300 _a514p.
653 _aEnglish drama
942 _cBK
999 _c7984
_d7984